00291nam a2200133Ia 45000030006000000080041000060400015000471000022000622450025000842500010001092600009001195460012001280050017001400STCL150530s9999 xx 000 0 und d aSTCLcSTCL aBalaguruswamy, E. aProgramming in basic aThird c1999 aEnglish20220125160202.0